الحال و تدريسها للناطقين بغير العربية
Saved in:
| Main Author: | |
|---|---|
| Other Authors: | |
| Format: | Thesis |
| Language: | Arabic |
| Published: |
خرطوم
: معهد خرطوم دولى غة عربية،
1989
|
| Subjects: | |
| Tags: |
Add Tag
No Tags, Be the first to tag this record!
|
| LEADER | 012770000a22003130004500 | ||
|---|---|---|---|
| 001 | 64280 | ||
| 005 | 20091201114200.0 | ||
| 008 | 930216s1989 ara | ||
| 035 | |a 234708 | ||
| 035 | |a (Sirsi) 64280 | ||
| 040 | |a UIAM |b eng | ||
| 049 | |b m | ||
| 050 | |a PJ6143 | ||
| 100 | 1 | |a أبكر، ابراهيم عمر | |
| 245 | 1 | 0 | |a الحال و تدريسها للناطقين بغير العربية |
| 246 | 0 | 4 | |a al-Hal wa-tadrisuha lil-natiqin bi-ghayr al-'Arabiyah / |c i'dad Ibrahim 'Umar Akbar |
| 260 | 1 | |a خرطوم |b : معهد خرطوم دولى غة عربية، |c 1989 | |
| 300 | |a 93p. | ||
| 502 | |a (M.A.)--Ma'had al-Khartoum al-Dawli lil-Lughat al-'Arabiyah | ||
| 533 | |a Two copies | ||
| 596 | |a 1 | ||
| 650 | 0 | |a Arabic language |x Adjective | |
| 700 | 1 | |a Akbar, Ibrahim 'Umar | |
| 710 | 1 | |a Ma'had al-Khartum al-Dawli lil-Lughah al-'Arabiyah | |
| 710 | 2 | |a Munazzamah al-'Arabiyah lil-Tarbiyah wa-al-Thaqafah wa-al-'Ulum | |
| 900 | |a non-zmy | ||
| 999 | |c 430186 |d 461677 | ||
| 952 | |0 0 |6 T PJ 006143 A313H |7 0 |8 THESES |9 749309 |a IIUM |b IIUM |c MULTIMEDIA |g 0.00 |o t PJ6143A313H |p 00000061683 |r 2017-10-20 |t 1 |v 0.00 |y THESIS | ||
| 952 | |0 0 |6 LU T PJ6143A313H |7 0 |8 THESES |9 749310 |a IIUM |b IIUM |c CLOSEACCES |g 0.00 |o lu t PJ6143A313H |p 00000288443 |r 2017-10-25 |t 1 |v 0.00 |y THESIS | ||
